Statistiques concernant Régions françaises par indices

Cliquez ici pour prendre le quiz!

Statistiques générales

  • Ce quiz a été pris 33 fois
  • Le résultat moyen est 12 sur 13

Statistiques - réponses

IndiceRéponse% Correct
PSG, Tour Eiffel, CapitaleIle de France
97%
Cassoulet, Capitole, RugbyOccitanie
97%
Crêpe, Guingamp, BigoudèneBretagne
93%
Viking, Mont Saint Michel, MancheNormandie
93%
Notre dame de la Garde, Alpes, FestivalProvence Alpes Côte d Azur
93%
OL, Cinéma, VolcanAuvergne Rhône Alpes
90%
Alsace, Champagne, VerdunGrand Est
90%
Cannelé, Place de la Bourse, Pays BasqueNouvelle-Aquitaine
90%
Moutarde, Jura, PeugeotBourgogne Franche-Comté
87%
Château de Chambord, Jeanne d'Arc, Tarte TatinCentre Val de Loire
87%
Michou, Mine de charbon, FriteHauts De France
87%
Gervin, île, FootCorse
83%
24h du Mans, Rillettes, Mastu JoycaPays de la Loire
83%

Distribution des résultats

Percentile par nombre de réponses

% des personnes avec chaque résultat

Votre développement - résultats

Vous n’avez pas pris ce quiz